1534 1430 1617 1676 1948 1249 1568 1480 1749 1873 1746 1095 1337 1564 1900 1922 1543 1828 1338 1367 1592 1183 1865 1687 1707 1652 1553 1410 1706 1293 1837 1039 1566 1541 1370 1189 1525 1121 1036 1002 1367 1196 1402 1811 1582 1714 1318 1799 1621 1790 1247 1953 1352 1161 1883 1132 1819 1169 1937 1328 1084 1936 1795 1288 1073 1406 1056 1092 1433 1797 1417 1565 1258 1456 1715 1712 1827 1202 1382 1037 1567 1777 1803 1030 1122 1552 1757 1775 1852 1210 1016 1365 1571 1464 1056 1409 1945 1246 1053 BCNSPRNW ULIB Ver.6.0+V

เปลี่ยนเป็นภาษาไทย

Change to English
 แสดงรายละเอียดบรรณานุกรม
  กลับหน้าหลัก

Brief Record : Get Marc (ISO 2709) : E-mail record : QR code < ปิดหน้าต่าง
LEADER : 00000nam 2200000uu 4500
001    13399123296
003     ULIB
008    140815s2556||||th 000 0 tha d
099    วจ.QT255^bน148ส
100 0  นงลักษณ์ พรหมติงการ, ถาวร ล่อกา, พชร วิวุฒิ และกรรณิการ์ กองบุญเกิด
245 00 สิ่งจูงใจในการออกกำลังกายของประชาชน ณ สวนสาธารณะเขลางค์นครลำปาง ปี พ.ศ.2555/^cนงลักษณ์ พรหมติงการ, ถาวร ล่อกา, พชร วิวุฒิ และกรรณิการ์ กองบุญเกิด
260    ลำปางๅ:^bวิทยาลัยพยาบาลบรมราชชนนี นครลำปาง,^c2556
300    52 หน้า
650  0 การออกกำลังกาย^xวิจัย
700 0  ถาวร ล่อกา,^eผู้ร่วมวิจัย
700 0  พชร วิวุฒิ,^eผู้ร่วมวิจัย
700 0  กรรณิการ์ กองบุญเกิด,^eผู้ร่วมวิจัย
945    ^p0^l0^i034603
999    ^aเกษร โพธิ์สุวรรณ
รายการนี้ยังไม่มีแท็ก
คุณยังไม่ได้ล็อกอิน คุณสามารถมีกิจกรรมร่วมกับเว็บไซต์ได้ แต่ต้องล็อกอินก่อน ::
  ล็อกอิน

รายการสื่อสารสนเทศ

ลำดับที่ ประเภท เลขเรียก/บาร์โค้ด สถานที่ สถานะ
1. งานวิจัย
งานวิจัย
วจ.QT255 น148ส ฉ.1 
  Barcode: 034603
ห้องสมุดวิทยาเขตสวรรค์ประชารักษ์
►วิจัย
บนชั้น

BibComment


ยังไม่เคยถูกคอมเมนท์

คอมเมนท์ทรัพยากรรายการนี้
  คอมเมนท์: สิ่งจูงใจในการออก..


 Copyright 2026. Bcnsprnw @Library